[Event "Cappelle Online Rapid op"]
[Site "Europe Echecs INT"]
[Date "2021.03.06"]
[Round "9"]
[White "Leclerc, Bernard"]
[Black "Bichon, Maryse"]
[Result "1/2-1/2"]
[WhiteElo "1426"]
[BlackElo "1316"]
[PlyCount "140"]
[EventDate "2021.03.06"]
[EventType "swiss (rapid)"]
[EventRounds "9"]
[EventCountry "FRA"]
[SourceTitle "CBM 201 Extra"]
[Source "ChessBase"]
[SourceDate "2021.05.31"]
[SourceVersion "1"]
[SourceVersionDate "2021.05.31"]
[SourceQuality "1"]

1. e4 d5 2. e5 c5 3. d4 cxd4 4. Qxd4 Nc6 5. Qa4 Qa5+ 6. Qxa5 Nxa5 7. b4 Nc4 8. Nc3 Nxe5 9. Nxd5 Kd8 10. Bf4 f6 11. b5 e6 12. Nc3 Bb4 13. Bd2 Bxc3 14. Bxc3 Ne7 15. f4 Nf7 16. 0-0-0+ Bd7 17. Nf3 Nd5 18. Bd2 Ke7 19. c4 Rac8 20. Kb2 Nb6 21. Bb4+ Ke8 22. Kb3 Nh6 23. c5 Nd5 24. g3 Kf7 25. c6 bxc6 26. bxc6 Bxc6 27. Bc4 Rhd8 28. h3 Nf5 29. g4 Nfe3 30. Rd3 Nxc4 31. Kxc4 Nxb4 32. Rxd8 Rxd8 33. Kxb4 Bxf3 34. Rc1 Rd7 35. a4 Rb7+ 36. Ka5 Bg2 37. Rc3 Rd7 38. Rg3 Bf1 39. g5 fxg5 40. fxg5 g6 41. Rf3+ Kg7 42. Rxf1 Rd5+ 43. Ka6 Rxg5 44. Kxa7 Rf5 45. Re1 Ra5+ 46. Kb6 Rxa4 47. Rxe6 Rf4 48. Kc6 Rd4 49. Re7+ Kh6 50. Kc5 Rd3 51. h4 Kh5 52. Rxh7+ Kg4 53. Kc4 Rh3 54. Rg7 Rxh4 55. Rxg6+ Kf3+ 56. Kd3 Rg4 57. Rf6+ Kg3 58. Re6 Rf4 59. Re3+ Kg4 60. Ke2 Kf5 61. Rc3 Re4+ 62. Kd3 Re5 63. Rc4 Ke6 64. Kd4 Rd5+ 65. Kc3 Rd6 66. Re4+ Kd5 67. Rh4 Kc6 68. Rc4+ Kd5 69. Rd4+ Kc6 70. Rxd6+ Kxd6 1/2-1/2